| 000 | 01091cam a22003373a 4500 | ||
|---|---|---|---|
| 001 | 13246207 | ||
| 003 | PILC | ||
| 005 | 20160104112258.0 | ||
| 008 | 020725s2002 nyu j 000 1 eng d | ||
| 010 | _a 2002090319 | ||
| 020 |
_a0060005521 (pbk.) : _c$4.99 |
||
| 035 | _a(OCoLC)ocm50240502 | ||
| 040 |
_aEOW _cEOW _dOCLCQ _dDLC |
||
| 042 | _alccopycat | ||
| 050 |
_aPZ 7 _b.C116 2002 |
||
| 100 | 1 | _aCabot, Meg. | |
| 245 | 1 | 0 |
_aNicola and the Viscount / _cMeg Cabot. |
| 260 |
_aNew York, N.Y. : _bAvon Books, _c2002. |
||
| 300 |
_a261 pages ; _c18 cm. |
||
| 440 | 2 | _aAn Avon true romance | |
| 490 | 0 | _aAvon teen fiction | |
| 650 | 0 | _aRomance fiction. | |
| 651 | 0 |
_aLondon (England) _vJuvenile fiction. |
|
| 655 | 7 |
_aYoung adult fiction. _2gsafd |
|
| 655 | 7 |
_aLove stories. _2gsafd |
|
| 710 | 2 |
_aCopyright Paperback Collection (Library of Congress) _5DLC |
|
| 856 | 4 | 2 |
_3Publisher description _uhttp://www.loc.gov/catdir/description/hc043/2002090319.html |
| 906 |
_a7 _bcbc _ccopycat _d2 _encip _f20 _gy-genrareb |
||
| 942 |
_2lcc _cBK |
||
| 999 |
_c289026 _d289026 |
||